Asian Airport Code Quiz - Statistics

General Stats
  • This quiz has been taken 1,015 times
    1,012 since last reset
  • The average score is 34 of 65
Answer Stats
Hint Answer % Correct
BKK Bangkok
97%
DOH Doha
94%
HKG Hongkong
94%
PEK Peking
94%
SIN Singapore
89%
DXB Dubai
85%
KUL Kuala Lumpur
84%
MNL Manila
83%
BOM Mumbai
83%
DEL Delhi
80%
ICN Seoul
79%
TPE Taipei
78%
NRT Tokyo - Narita
76%
DPS Denpasar
72%
HAN Hanoi
72%
BAH Bahrain
71%
KBL Kabul
71%
TLV Tel Aviv
71%
JED Jeddah
69%
AUH Abu Dhabi
68%
AMM Amman
67%
SGN Ho-Chi-Minh City
66%
CGK Jakarta
66%
KWI Kuwait
66%
KIX Osaka
66%
HND Tokyo - Haneda
65%
MLE Male
59%
SAW Istanbul
58%
BEY Beyrut
56%
DAC Dhaka
55%
MCT Muscat
55%
KTM Kathmandu
54%
RUH Riyadh
52%
WUH Wuhan
52%
BLR Bangalore
49%
HKT Phuket
48%
ISB Islamabad
47%
THR Tehran
47%
PUS Pusan
46%
ULN Ulaanbaatar
46%
MAA Chennai
45%
PVG Shanghai - Pudong
45%
PNH Phnom Penh
44%
KHI Karachi
42%
DIL Dili
40%
AMD Ahmedabad
35%
TBS Tbilisi
34%
SZX Shenzhen
33%
ALA Almaty
32%
ESB Ankara
32%
KMG Kunming
31%
SHJ Sharjah
30%
ASB Asgabat
28%
TSE Astana
27%
FRU Bishkek
24%
SAH Sana'a
24%
AYT Antalya
21%
PNQ Pune
21%
TAO Qingdao
19%
ADB Izmir
17%
SHA Shanghai - Hongqiao
17%
USM Koh Samui
14%
BAL Batman
7%
TZX Trabzon
7%
RGN Rangun
5%
No matching quizzes found
Score Distribution
Percent of People with Each Score
Percentile by Number Answered
Your Score History
You have not taken this quiz since the last reset